000
00281nam a2200121Ia 4500
005
20250409180928.0
008
250409s9999||||xx |||||||||||||| ||und||
100
_a
REDDIAR,
245
0
_a
SIDDHARUPAM
260
_b
D C BOOKS,
_a
KOTTAYAM:
650
_v
Malayalam Grammar
942
_c
BOOK
999
_c
3336
_d
3336